Parkhaus im alten Depot. (Titelsatznr. 372184)
[ MARC ]
| 000 -Satzkennung | |
|---|---|
| Kontrollfeld mit fester Länge | 00765nam a22001937a 4500 |
| 008 - Feld mit fester Länge zur physischen Beschreibung - Allgemeine Angaben | |
| Kontrollfeld mit fester Länge | 201127b ||||| |||| 00| 0 eng d |
| 040 ## - Katalogisierungsquelle | |
| Original-Katalogisierungsstelle | DE-2950 |
| Katalogisierungssprache | ger |
| Übertragungsstelle | DE-2950 |
| Beschreibungsfestlegungen | rda |
| 041 ## - Sprachcode | |
| Sprachcode des Textes/der Tonspur oder des separaten Titels | ger |
| 245 ## - Titel | |
| Haupttitel | Parkhaus im alten Depot. |
| Titelzusatz | Verkehr. In Hallen in der Bachgasse, in denen früher Straßenbahnen standen, werden bald Autos parken. Ein Unternehmer investiert in den Umbau. / |
| Verantwortlichkeitsangabe | René Matschkowiak. |
| 264 ## - Veröffentlichungsangabe, Vertriebsangabe, Herstellungsangabe | |
| Erscheinungs-, Vertriebs-, Herstellungsdatum | 2023 |
| 653 ## - Lokales Schlagwort | |
| Nicht-normierter Term | Frankfurt (Oder) |
| 653 ## - Lokales Schlagwort | |
| Nicht-normierter Term | Straßenbahndepot |
| 653 ## - Lokales Schlagwort | |
| Nicht-normierter Term | Bachgasse |
| 773 ## - Übergeordnete Einheit | |
| Ort, Verlag und Erscheinungsjahr | Frankfurt (Oder) Märkisches Verlags- und Druckhaus GmbH & Co KG |
| Titel | Märkische Oderzeitung |
| Verknüpfungsangaben | 34. Jahrgang (2023) Nr. 24 vom 28./29.01.2023, S.15: Mit Foto |
| 942 ## - Zusätzliche Felder (Koha) | |
| Koha-Medientyp | Aufsätze |
| Ausgeschieden | Verloren | Beschädigt | Nicht entleihbar | Permanenter Standort | Aktueller Standort | Aufstellungsort | Eingabedatum | Anzahl Ausleihen | Signatur | Letzte Aktivität | Preis gültig von | Medientyp |
|---|---|---|---|---|---|---|---|---|---|---|---|---|
| Stadtarchiv Frankfurt (Oder) | Archivbibliothek | Stadtarchiv Frankfurt (Oder) | Archivbibliothek | Magazin | 30/01/2023 | Z2 | 30/01/2023 | 30/01/2023 | Aufsätze |